| 000 | 00340nam a22001457a 4500 | ||
|---|---|---|---|
| 020 | _a0-471-02451-1 | ||
| 082 | _a621.381 ALL'E | ||
| 100 |
_aALLEY, C. L,ATWOOD, K. W _977046 |
||
| 245 | _aELECTRONIC ENGINEERING | ||
| 250 | _a3RD | ||
| 260 |
_aNEWYORK _bJOHN WILEY _c1973 |
||
| 300 | _a838P | ||
| 650 |
_aELECTRONIC _977047 |
||
| 942 | _cBK | ||
| 999 |
_c582371 _d582371 |
||